00668nam a2200157Ia 4500008004100000100003300041245008700074245012200161260005300283260000900336300001100345650001500356856004700371999001900418952007300437170221s9999 xx 000 0 und d aElena Anatol’evna Derunova aInvestigation of Various Prediction Models of Demand on the Market of Innovations  cElena Anatol’evna Derunova, Irina Nikolayevna Filatova, Alexandr Sergeevich Semenov, Vladimir Alexandrovich Derunov bInternational Review of Management and Marketing c2016 a15 : 4 xMarketing. uhttp://www.econjournals.com/index.php/irmm c311831d311831 001040aCLbCLd2017-02-21l0r2017-02-21 00:00:00w2017-02-21yFOJ